Say It Right the First Time : (Record no. 608003)

MARC details
000 -LEADER
fixed length control field 00488nam a2200181 a 4500
008 - FIXED-LENGTH DATA ELEMENTS--GENERAL INFORMATION
fixed length control field 260109s2003##################000#0#eng##
020 ## - INTERNATIONAL STANDARD BOOK NUMBER
ISBN 9780071408615
082 04 - DEWEY DECIMAL CLASSIFICATION NUMBER
Classification number 302
Item number MAL
100 1# - MAIN ENTRY--AUTHOR NAME
Personal name Malandro, Loretta,
245 10 - TITLE STATEMENT
Title Say It Right the First Time :
260 ## - PUBLICATION, DISTRIBUTION, ETC. (IMPRINT)
Name of publisher McGraw-Hill Education,
Year of publication 2003.
650 #0 - SUBJECT ADDED ENTRY--TOPICAL TERM
Topical Term Business & Economics.
942 ## - ADDED ENTRY ELEMENTS (KOHA)
Koha item type English Books
Holdings
Withdrawn status Lost status Damaged status Not for loan Home library Current library Shelving location Date acquired Full call number Accession Number Price effective from Koha item type
        Anna Centenary Library Anna Centenary Library 3RD FLOOR, B WING 10.01.2026 302 MAL 490542 10.01.2026 English Books

Find us on the map